000 00405nam a2200169Ia 4500
008 220805s9999 xx 000 0 und d
020 _a0-7134-8646-5
041 _aeng
082 _a746.46
100 _aHulbert, Anne
_989282
260 _aLondon
_bBT Batsford,
_c2002
245 _aComplete Crazy patchwork
250 _a1
300 _a144
650 _aPatchwork
_989283
650 _aQuilting
_989284
999 _c49115
_d49115